| 000 | 00667cam a2200205 a 4500 | ||
|---|---|---|---|
| 020 | _a0195123204 (alk. paper) | ||
| 040 | _cDLC | ||
| 082 | 0 | 0 | _a629 OXF 1999 |
| 100 | 1 | _aFujimoto, Takahiro, | |
| 245 | 1 | 4 | _aThe evolution of a manufacturing system at Toyota / |
| 260 |
_aNew York : _bOxford University Press, _c1999. |
||
| 300 |
_ax, 380 p. : _bill. ; _c25 cm. |
||
| 650 | 0 | _aAutomobiles | |
| 650 | 0 | _aIndustrial efficiency. | |
| 650 | 0 | _aOperations research. | |
| 650 | 0 | _aToyota automobiles. | |
| 856 | 4 | 2 | _uhttp://www.loc.gov/catdir/enhancements/fy0604/98038201-d.html |
| 856 | 4 | 1 | _uhttp://www.loc.gov/catdir/enhancements/fy0604/98038201-t.html |
| 942 | _cEK | ||
| 999 |
_c11267 _d11267 |
||